Statistics for Iconic Harry Potter quotes (Hard)-book and movie

Click here to take the quiz!

General Stats

  • This quiz has been taken 90 times
  • The average score is 29 of 55

Answer Stats

HintAnswer% Correct
'The boy who lived...come to die.'Lord Voldemort
94%
'Bloody hell!'Ron Weasley
92%
'Not my daughter you bitch!'Molly Weasley
91%
'Your raising him like a pig for slaughter!'Severus Snape
89%
It takes a great deal of bravery to stand up to our enemies, but just as much to stand up to our friends.'Albus Dumbledore
84%
'Just because it's taken you three years to notice, Ron doesn't mean no one else has spotted I'm a girl.'Hermione Granger
83%
'Yer a wizard Harry'Rubeus Hagrid
81%
'My father will hear about this'Draco Malfoy
80%
'I've always wanted to use that spell.'Minerva Mcgonagall
77%
'You're a little scary sometimes, you know that. Brilliant... but scary.'Ron Weasley
77%
'Training for the ballet Potter'Draco Malfoy
75%
'Their is no need to call me 'sir' Professor.'Harry Potter
73%
'You're just as sane as I am'Luna Lovegood
73%
'Why, dear boy, we don't send wizards to Azkaban just for blowing up their aunts!'Cornelius Fudge
69%
'Fear of the name increases fear of the thing itself.'Hermione Granger
67%
'I'm holey'George Weasley
66%
'Happiness can be found even in the darkest of times, if one only remembers to turn on the light.'Albus Dumbledore
61%
'You shall not harm Harry Potter!'Dobby
61%
'We must unite inside. Or we’ll crumble from with in. I have told you, I have warned you… Let the Sorting now begin.'The sorting hat
61%
'What do I care how he looks? I am good-looking enough for both of us, I theenk! All these scars show is zat my husband is brave!'Fleur Delacour
59%
'Fame is a fickle friend Harry. Celebrity is as celebrity does. Remember that.'Gilderoy Lockhart
59%
'Tonks deserves someone young and whole.'Remus Lupin
59%
'Alas, earwax'Albus Dumbledore
58%
'The truth. Is a beautiful and terrible thing and therefore should be treated with great caution.'Albus Dumbledore
58%
'Always'Severus Snape
58%
'James called it my ‘furry little problem’ in company. Many people were under the impression that I owned a badly behaved rabbit.'Remus Lupin
56%
'If you want to know what a mans like, take a good look at how he treats his inferiors, not his equals.'Sirius Black
56%
'Books! And cleverness! There are more important things — friendship and bravery'Hermione Granger
53%
'Of all the trees we could’ve hit, we had to get one that hits back.'Ron Weasley
53%
'I enjoyed the meetings, too. It was like having friends'Luna lovegood
52%
'We'll send you a Hogwarts toilet seat.'George Weasley
50%
'At least no one on the Gryffindor team had to buy their way in, They got in on pure talent'Hermione Granger
50%
'We’re coming with you. That was decided months ago — years, really.'Hermione Granger
48%
'You can’t deny, Dumbledore’s got style.'Kingsley Shacklebolt
47%
'We did it, we bashed them, wee Potter’s the one. And Voldy’s gone moldy, so now let’s have fun'Peeves
47%
'I don't think you're a waste of space.'Dudley Dursley
44%
'I'll join you when hell freezes over!'Neville Longbottom
44%
'CONSTANT VIGILANCE'Alastor Moody
42%
'Wow, I wonder what it’d be like to have a difficult life.'Harry Potter
42%
'Never trust anything that can think for itself if you can’t see where it keeps its brain!'Arthur Weasley
41%
'Hello, Harry. We thought we heard your dulcet tones.'George Weasley
39%
'There is no good and evil, there is only power and those too weak to seek it'Lord Voldemort
39%
'The wand chooses the wizard.'Garrick Ollivander
38%
'When in doubt, go to the library.'Ron Weasley
38%
'Shut it.'Ginny Weasley
33%
'Anyone can speak troll. All you have to do is point and grunt.'Fred Weasley
31%
'I'M WORTH TWELVE OF YOU, MALFOY'Neville Longbottom
31%
'Anything is possible if you've got enough nerve.'Ginny Weasley
28%
'Yeah, you can have a word. Good-bye'Harry Potter
28%
'Honestly, if you were any slower you'd be going backwards.'Draco Malfoy
27%
'It is impossible to manufacture or imitate love.'Horace Slughorn
23%
'Don’t let it worry you. It’s me. I’m extremely famous.'Ron Weasley
23%
'What’s life without a little risk?'Sirius Black
13%
'Once again, you show all the sensitivity of a blunt axe.'Nearly headless Nick
11%
'And what if we want to stay and fight.'Ernie Macmillan
5%

Score Distribution

Percentile by Number Answered

Percent of People with Each Score

Your Score History

You have not taken this quiz